02303nam a22002417a 450000500170000000800410001702000180005804000130007604100080008904400070009708200160010424502690012026000420038930000310043149000690046250000400053150000140057150400700058550513050065565000320196070000390199270000300203120141118102703.0140115b2011 gw il. fr|||| |00 0 spa d a9783642177767 cCO-Bo-IH aeng agx00a363.7bC78c00aCoping with global environmental change, disasters and security :bthreats, challenges, vulnerabilities and risks /cHans Günter Brauch ... [et al.], editors ; with forewords by Achim Steiner ... [et al.] ; with preface essays by Paul C. Crutzen ... [et al.]. aBerlinaNueva YorkbSpringerc c2011. a1815 pbil., mapasc28 cm.1 aHexagon series on human and environmental security and peace.vv a184 figuras, 78 tablas y 38 cuadros aHandbook. aIncluye referencias bibliográficas (p. 1521- 1709) e índice.2 aSecuritization of global environmental change -- Economic, social, environmental security and human threats, challenges, vulnerabilities and risks in the Near East, North and Sub-Saharan Africa and in Asia -- Threats, challenges, vulnerabilities and risks for urban centres in hazards and disasters -- Coping with global environmental changes : climate change, soil and desertification, water management, food and health -- Climate change -- Soil and desertification -- Water management -- Coping with food security issues -- Coping with health security issues -- Coping with hazards and strategies for coping with social vulnerability and resilience building -- Coping with global environmental change : scientific, international , regional and national political strategies, policies and measures -- Scientific research goals and strategies for coping with global environmental change -- Global strategies, policies and measures for coping with climate change -- Regional strategies, policies and measures for coping with climate change -- National strategies, policies and measures for coping with climate change -- A technical tool : remote sensing, vulnerability mapping and indicators of environmental security challenges and risks -- Towards an improved early warning of conflicts and hazards. 0aGlobal environmental change1 aBrauch, Hans Günterd1947 - eed1 aOswald Spring, Ursulaeed